Quantitative Analysis for Management (Record no. 352039)

000 -LEADER
fixed length control field 00514nam a22001817a 4500
003 - CONTROL NUMBER IDENTIFIER
control field OSt
005 - DATE AND TIME OF LATEST TRANSACTION
control field 20180116183105.0
008 - FIXED-LENGTH DATA ELEMENTS--GENERAL INFORMATION
fixed length control field 170731b xxu||||| |||| 00| 0 eng d
020 ## - INTERNATIONAL STANDARD BOOK NUMBER
International Standard Book Number 9789332568853
040 ## - CATALOGING SOURCE
Transcribing agency 0
082 ## - DEWEY DECIMAL CLASSIFICATION NUMBER
Classification number 658.403 REN 2016
100 ## - MAIN ENTRY--PERSONAL NAME
Personal name Barry Render, Ralph M. Stair, Jr
245 ## - TITLE STATEMENT
Title Quantitative Analysis for Management
Statement of responsibility, etc. Barry Render, Ralph M. Stair, Jr
260 ## - PUBLICATION, DISTRIBUTION, ETC.
Place of publication, distribution, etc. India
Name of publisher, distributor, etc. Pearson
Date of publication, distribution, etc. 2016
300 ## - PHYSICAL DESCRIPTION
Extent 621p.
Other physical details pb
440 ## - SERIES STATEMENT/ADDED ENTRY--TITLE
Title Quantitative Analysis for Management
942 ## - ADDED ENTRY ELEMENTS (KOHA)
Source of classification or shelving scheme
Koha item type Book
Holdings
Withdrawn status Lost status Source of classification or shelving scheme Damaged status Not for loan Collection code Permanent Location Current Location Shelving location Date acquired Total Checkouts Full call number Barcode Date last seen Date last checked out Price effective from Koha item type
            Central Library (CL) Central Library (CL) General Stacks 07/31/2017 1 658.403 REN 2016 NBS10297 10/24/2022 11/09/2020 07/31/2017 Book
© 2023 Central Library, National University of Sciences and Technology. All Rights Reserved.